Estudio de pre factibilidad para la construcción de una planta procesadora de café ubicada en el departamento de Jinotega periodo 2021-2026
El propósito del presente estudio es determinar la pre factibilidad técnica para la construcción de una planta procesadora y comercializadora de café, en el departamento de Jinotega, se considera que generaría un crecimiento económico para el país, ya que internamente con la comercialización...
| Main Authors: | , |
|---|---|
| Other Authors: | |
| Format: | Tesis Section = Libro |
| Language: | Undetermined Spanish |
| Published: |
Managua
UNI
2021
|
| Subjects: |
| LEADER | 01390nam a2200289Ia 4500 | ||
|---|---|---|---|
| 008 | 240830s9999 xx 000 0 und d | ||
| 040 | |a BIBLIOTECA-RUPAP/ Mon 658.11 C355 | ||
| 041 | |a spa | ||
| 082 | |a Mon 658.11 C355 | ||
| 100 | 1 | |a Castro Rivera, Ruth Ariadna | |
| 100 | 1 | |b Zamora Malespín, Johanna Lisseth | |
| 245 | 1 | 0 | |a Estudio de pre factibilidad para la construcción de una planta procesadora de café ubicada en el departamento de Jinotega periodo 2021-2026 |
| 260 | |a Managua |b UNI |c 2021 | ||
| 300 | |a 109 p. :il. | ||
| 500 | |a Contiene: anexos y CD. | ||
| 502 | |a Tesis (Ingeniero Industrial) - UNI, 2021. | ||
| 520 | 3 | |a El propósito del presente estudio es determinar la pre factibilidad técnica para la construcción de una planta procesadora y comercializadora de café, en el departamento de Jinotega, se considera que generaría un crecimiento económico para el país, ya que internamente con la comercialización adecuada habría mayor acceso al producto, y externamente el proceso y empaque concebirían valor agregado. | |
| 650 | 7 | |a EMPRESAS-PROYECTOS | |
| 650 | 7 | |b DESARROLLO DE NUEVOS PRODUCTOS | |
| 650 | 7 | |c ESTUDIO DE FACTIBILIDAD | |
| 650 | 7 | |d ESTUDIO DE MERCADO | |
| 650 | 7 | |e ESTUDIO FINANCIERO | |
| 650 | 7 | |f CAFÉ-PRODUCCION | |
| 700 | 1 | |a Tutor: |b Chavarría Valverde, Luis Alberto | |
| 942 | |c BK |2 ddc | ||
| 991 | |a TESIS | ||
| 999 | |c 19094 | ||